Công tác xây dựng Đảng trong thời kỳ đẩy mạnh công nghiệp hóa hiện đại hóa đất nước

Salvato in:
Dettagli Bibliografici
Autore principale: Bùi Đình Phong
Natura: Libro
Lingua:Undetermined
Pubblicazione: Hà Nội Lao động 2001
Soggetti:
Tags: Aggiungi Tag
Nessun Tag, puoi essere il primo ad aggiungerne! !
Thư viện lưu trữ: Trung tâm Học liệu Trường Đại học Cần Thơ
LEADER 00636nam a2200169Ia 4500
001 CTU_46475
008 210402s9999 xx 000 0 und d
082 |a 324.2597075 
082 |b Ph431/2001 
100 |a Bùi Đình Phong 
245 0 |a Công tác xây dựng Đảng trong thời kỳ đẩy mạnh công nghiệp hóa hiện đại hóa đất nước 
245 0 |c Bùi Đình Phong, Phạm Ngọc Anh 
260 |a Hà Nội 
260 |b Lao động 
260 |c 2001 
650 |a communist parties - vietnam,political parties - vietnam 
980 |a Trung tâm Học liệu Trường Đại học Cần Thơ